000 00722nam a2200229 a 4500
005 20250208063743.0
008 150813s2010 mx r 000 0 spa d
020 _a9786079116002
035 _aUPN01000205153
049 _aF
050 4 _aLC213.3 M6
_bA3.9 2010
100 1 _aAcevedo, Marta,
_d1940-
_938327
245 1 0 _aViva México /
_cMarta Acevedo ; tr. Patricia Celerina González.
250 _a2a ed.
260 _aMéxico :
_bCGEIB :
_bSEP,
_c2010.
300 _a46 p. :
_bil.
650 4 _aIgualdad de oportunidades en educación
_zMéxico
_95950
650 2 _aDiscriminación en la educación
_zMéxico
_920896
650 4 _aIndígenas de México
_xEducación
_910
905 _aLibro
999 _c177254
_d177254